000 00955nam0a22002531 4500
001 rc\2674827
005 20250623152825.0
035 _a(NLR Aleph) 006803342
090 _a6266894
_c6266894
100 _a20110915d1932 |||y0rusy50 ca
101 0 _arus
102 _aRU
105 _ae z |||a|
200 1 _aЗолотой поезд
_eПовесть
_fВладимир Матвеев
210 _a[Ленинград]
_cИзд-во писателей в Ленинграде
_d[1932]
_gтип. "Печатный двор"
215 _aПереплет, 162 с., 1 с. объявл.
_d18х14 см.
300 _aПереплет и титул: М. Кирнарский
700 1 _7ca
_8rus
_aМатвеев
_bВ. П.
_cписатель
_f1897-1939
_gВладимир Павлович
_9254969
_3RU\NLR\AUTH\770255025
801 0 _aRU
_bNLR
_gpsbo
801 1 _aRU
_bELAR
_2rusmarc
852 _aNLR
_j32-1/1196
942 _cBOOK
980 _aNB